| 000 -LEADER |
| fixed length control field |
00532nam a2200181Ia 4500 |
| 001 - CONTROL NUMBER |
| control field |
19597 |
| 003 - CONTROL NUMBER IDENTIFIER |
| control field |
GE_BSU |
| 008 - FIXED-LENGTH DATA ELEMENTS--GENERAL INFORMATION |
| fixed length control field |
181216s||||||||xx |||||||||||||| ||und|| |
| 040 ## - CATALOGING SOURCE |
| Transcribing agency |
GE_BSU |
| 245 ## - TITLE STATEMENT |
| Title |
გადასახადები №4. 2016 (დამატება) |
| 260 ## - PUBLICATION, DISTRIBUTION, ETC. |
| Date of publication, distribution, etc. |
2016 |
| 300 ## - PHYSICAL DESCRIPTION |
| Extent |
cd |
| 653 ## - INDEX TERM--UNCONTROLLED |
| Uncontrolled term |
cd |
| 653 ## - INDEX TERM--UNCONTROLLED |
| Uncontrolled term |
გადასახადები №4. 2016 (დამატება) |
| 653 ## - INDEX TERM--UNCONTROLLED |
| Uncontrolled term |
დისკი |
| 653 ## - INDEX TERM--UNCONTROLLED |
| Uncontrolled term |
ელექტრონული ჟურნალი |
| 942 ## - ADDED ENTRY ELEMENTS (KOHA) |
| Koha item type |
კომპიუტერის ფაილები |